000 00345pab a2200145 454500
008 180718b1999 xxu||||| |||| 00| 0 eng d
100 _aChhabra, Hari Sharan
245 _aIndia and the Commonwealth
260 _c1999
300 _ap.7-9
362 _a4 Dec
650 _aInternational organizations
773 _aMainstream
909 _a43315
999 _c43315
_d43315